LEADER 01395nam a2200253 i 4500 001 000000006224 003 CaOOAMICUS 005 20241203144702.0 008 180830s1822 it u000 u ita u 040 $aSeMil$bita 100 1 $aTacitus, Publius Cornelius ,$c.$0(OLS)http://semarc/name/5210 245 13$aLe opere storiche di C. Cornelio Tacito tradotte da B. Davanzati colle giunte e supplimenti di Gabriele Brotier tradotti dall'ab. Raf. Pastore. Volume 1. [-2.]. 260 $aMilano :$bPer Nicolň Bettoni,$c1822. 300 $a2 v. ;$c8°. 490 1 $aBiblioteca storica di tutte le nazioni. Classe prima: Storici latini 700 1 $aBrotier, Gabriel,$d<1723-1789>.$0(OLS)http://semarc/name/11721 700 1 $aDavanzati, Bernardo,$d<1529-1606>.$0(OLS)http://semarc/name/11613 700 1 $aBettoni, Nicolň,$c.$0(OLS)http://semarc/name/3818 774 0 $tVol. 1.$g1$w()258331 774 0 $tVol. 2.$g2$w()258330 830 0$aBiblioteca storica di tutte le nazioni. Classe prima: Storici latini.$0(OLS)http://semarc/title/400842 996 $6245$aLe opere storiche di C. Cornelio Tacito tradotte da B. Davanzati colle giunte e supplimenti di Gabriele Brotier tradotti dall'ab. Raf. Pastore. Volume 1. [-2.]$9(OLS)http://semarc/title/400981 996 $6260$aMilano :$bPer Nicolň Bettoni$9(OLS)http://semarc/publisher/36549 LEADER 01786nam a2200349 i 4500 001 000000361580 003 CaOOAMICUS 005 20260206115347.0 008 250206s2025 it a u000 u ita u 020 $a978-88-6898-425-0 040 $aSeMil$bita 245 00$aLutero e la creazione :$bla presenza di Dio nel mondo /$ca cura di Dieter Kampen e Lubomir J. ?ák ; in appendice: Martin Lutero: Lezioni sul libro della Genesi (Gen. 1-2,3) / traduzione di Nico De Mico ; introduzione e note di Franco Buzzi. 264 1$aTorino :$bClaudiana,$c2025. 300 $a292 p. ;$c21 cm 490 1 $aLutero: Opere scelte 501 $aLezioni sul libro della Genesi (Gen. 1-2,3) / Martin Lutero 650 4$aCreazione - Concezione protestante.$0(OLS)http://semarc/subject/57095 650 4$aBibbia. Antico Testamento. Genesi - Commentari, studi, critica, interpretazioni.$0(OLS)http://semarc/subject/344 700 1 $aZák, Lubomír,$d<1964- >.$0(OLS)http://semarc/name/43871 700 1 $aLuther, Martin$b<1483-1545>.$0(OLS)http://semarc/name/305 700 1 $aKampen, Dieter.$0(OLS)http://semarc/name/81255 700 1 $aDe Mico, Nico.$0(OLS)http://semarc/name/121452 700 1 $aBuzzi, Franco,$c.$0(OLS)http://semarc/name/14631 830 0$aLutero: Opere scelte.$0(OLS)http://semarc/title/565 850 $aSeMil 852 $aSeMil$W1$xVenegono$y1$m2BA F 32$j254346$B252537$CSeMilBibl$Z2$F252537 $81 900 1 $aMartin Lutero. 996 $6020$a978-88-6898-425-0$9(OLS)http://semarc/number/302405 996 $6245$aLutero e la creazione :$bla presenza di Dio nel mondo$9(OLS)http://semarc/title/452337 996 $6264$aTorino :$bClaudiana$9(OLS)http://semarc/publisher/29837